Countries by Framed Statues - Statistics

Estatísticas Gerais
  • Esse quiz foi jogado 2 vezes
  • A pontuação média é 9 de 15
Estatísticas das Respostas
Imagem Resposta % Correto
Brazil
100%
Egypt
100%
Italy
100%
UK
100%
United States
100%
Belgium
50%
Chile
50%
Denmark
50%
France
50%
Ireland
50%
Japan
50%
Spain
50%
Mongolia
0%
North Korea
0%
Thailand
0%
Nenhum quiz correspondente encontrado
Distribuição das Pontuações
Porcentagem de Pessoas com Cada Pontuação
Percentil de Números Respondidos
Sua Pontuação Histórica
Você não jogou esse quiz